LDR 00956naa#a2200181#i#450# 001 RU\\bibl\126942 005 20260703045952.5 011 ## _a2227-1171 100 ## _a20260630b2026####ek#y0rusy0150####ca 102 ## _aRU 200 1# _aПРЕДЕЛЫ ИСКЛЮЧИТЕЛЬНОСТИ ЗАКЛЮЧЕНИЯ ПОД СТРАЖУ: БАЛАНС МЕЖДУ ГУМАНИЗАЦИЕЙ И СПРАВЕДЛИВОСТЬЮ УГОЛОВНОГО СУДОПРОИЗВОДСТВА _eЖурнальная статья 210 1# _aКазань _cКазанский юридический институт МВД России _d2026 215 ## _a5 с. 608 ## _aЖурнальная статья _2local 675 ## _aУголовное судопроизводство. Уголовно-процессуальное право. 343.1 _z 700 #1 _aТерехов _gАлексей Юрьевич 700 #1 _aМаламагамедова _gАида Руслановна 856 4# _avestnikkui.ru _u